000 00353nam a22001457a 4500
008 210309b ||||| |||| 00| 0 eng d
020 _a0669471860
041 _aeng
080 _a37
082 _237
100 _a25
101 _aEDU
245 _aWriters INC a student Handbook for Writing and Learining
_cSebranek,Kemper, Meyer
942 _2udc
_cBK
999 _c56095
_d56095